Ο ιαματικός τουρισμός, μελέτη περίπτωσης λουτρών Καμένων Βούρλων Φθιώτιδας : [μεταπτυχιακή εργασία]

Αποθηκεύτηκε σε:
Λεπτομέρειες βιβλιογραφικής εγγραφής
Κύριος συγγραφέας: Καραμουσαντά, Βασιλική
Συγγραφή απο Οργανισμό/Αρχή: Πανεπιστήμιο Αιγαίου Σχολή Επιστημών της Διοίκησης Τμήμα Διοίκησης Επιχειρήσεων Πρόγραμμα Μεταπτυχιακών Σπουδών "Σχεδιασμός, Διοίκηση και Πολιτική του Τουρισμού"
Άλλοι συγγραφείς: Τσάρτας, Πάρις, 1956- (Εισηγητής διατριβής)
Μορφή: Thesis Βιβλίο
Γλώσσα:Greek
Δημοσίευση: 2012
Θέματα:
Διαθέσιμο Online:http://hdl.handle.net/11610/11553
Ετικέτες: Προσθήκη ετικέτας
Δεν υπάρχουν, Καταχωρήστε ετικέτα πρώτοι!

MARC

LEADER 00000cam a2200000 i 4500
001 1/36569
008 130925s2012 gre d
035 |l 10115668 
040 |a GR-MY-UA  |b gre  |e aacr 
041 0 |a gre 
082 0 |a 338.47914951  |2 (22) 
100 1 |a Καραμουσαντά, Βασιλική. 
245 1 2 |a Ο ιαματικός τουρισμός, μελέτη περίπτωσης λουτρών Καμένων Βούρλων Φθιώτιδας :  |b [μεταπτυχιακή εργασία] /  |c Βασιλική Καραμουσαντά ; επιβλέπων καθηγητής Πάρις Τσάρτας 
260 |c 2012 
300 |a 87 εκ.;  |b εικ., πίν.;  |c 30 εκ. 
502 # # |a Διατριβή (μεταπτυχιακή) – Πανεπιστήμιο Αιγαίου, Χίος, 2012. 
504 |a Βιβλιογραφία: σ.83-85 
650 0 0 |a Tourism  |z Greece  |z Fthiotida  |z Kamena Vourla. 
650 0 0 |a Dissertations, Academic  |z Greece. 
700 1 |a Τσάρτας, Πάρις,   |d 1956-  |4 ths 
710 2 |a Πανεπιστήμιο Αιγαίου  |b Σχολή Επιστημών της Διοίκησης  |b Τμήμα Διοίκησης Επιχειρήσεων  |b Πρόγραμμα Μεταπτυχιακών Σπουδών "Σχεδιασμός, Διοίκηση και Πολιτική του Τουρισμού". 
852 |a INST  |b CHIOS  |c DIATR  |e 20130925  |h 338.47914951 ΚΑΡ  |p 005200033080  |q 005200033080  |t MTXE  |y 23 
852 |a INST  |b CHIOS  |c DIATR  |e 20130925  |h 338.47914951 ΚΑΡ  |p 005200033081  |q 005200033081  |t MTXE  |y 23 
856 |u http://hdl.handle.net/11610/11553 
901 |a BIBL2-2013-2 
909 |a Χ  |b 169129 
909 |a Χ  |b 169130 
924 |a ΚΑΡΑΜΟΥΣΑΝΤΑ  |b ΒΑΣΙΛΙΚΗ  |y ΧΙΟΣ  |z 2012-03 
970 |a ΣΠΕΝΤΖΑ  |b ΕΛΕΝΗ  |z 2013/09/25